[Event "AUT-chT2W 1920"]
[Site "Austria"]
[Date "2019.11.23"]
[Round "4.5"]
[White "Lassahn, Holger"]
[Black "Steinbacher, Thomas"]
[Result "1/2-1/2"]
[WhiteElo "1944"]
[BlackElo "2143"]
[PlyCount "137"]
[EventDate "2019.10.04"]
[EventType "team-tourn"]
[EventRounds "11"]
[EventCountry "AUT"]
[SourceTitle "CBM 193 Extra"]
[Source "ChessBase"]
[SourceDate "2020.01.31"]
[SourceVersion "1"]
[SourceVersionDate "2020.01.31"]
[SourceQuality "1"]
[WhiteTeam "Hoerbranz"]
[BlackTeam "Kufstein/Woergl"]
[WhiteTeamCountry "AUT"]
[BlackTeamCountry "AUT"]

1. e4 e5 2. Nf3 Nc6 3. Bc4 Bc5 4. c3 Nf6 5. d3 d6 6. a4 a5 7. h3 Be6 8. Bxe6 fxe6 9. Be3 Ba7 10. Nbd2 0-0 11. 0-0 Qe8 12. Nc4 Nh5 13. Qe1 Nf4 14. Bxf4 Rxf4 15. Ne3 Qg6 16. Kh2 Raf8 17. Qe2 Qh5 18. Rae1 Rxf3 19. Ng4 Ne7 20. gxf3 Ng6 21. f4 Nxf4 22. Qf3 Kh8 23. Qg3 Qe8 24. b3 h5 25. Ne3 Nxd3 26. Rd1 Nc5 27. f3 Nxa4 28. Ng2 Nxc3 29. Rde1 Bd4 30. Kh1 Kh7 31. f4 exf4 32. Rxf4 Rxf4 33. Qxf4 Be5 34. Qf3 Kg8 35. Rf1 Bf6 36. Nf4 h4 37. Nh5 Nxe4 38. Qxe4 Qxh5 39. Qxe6+ Kh7 40. Qe4+ Qg6 41. Qxb7 Qd3 42. Qf3 Qxf3+ 43. Rxf3 Kg6 44. Rf4 c5 45. Kg2 Kf7 46. Kf3 Ke6 47. Ra4 Bd8 48. Re4+ Kd7 49. Rf4 Kc6 50. Rf8 Bf6 51. Rc8+ Kb7 52. Re8 d5 53. Ke3 c4 54. bxc4 dxc4 55. Re4 c3 56. Rc4 Kb6 57. Kd3 Kb5 58. Rc8 Kb4 59. Kc2 a4 60. Rb8+ Kc4 61. Ra8 Kd4 62. Rxa4+ Ke3 63. Rg4 Kf3 64. Kd3 g5 65. Kc2 Be5 66. Rxg5 Bg3 67. Kxc3 Kg2 68. Rh5 Kxh3 69. Rxh4+ 1/2-1/2